<?xml version="1.0" encoding="UTF-8"?>
<record
    xmlns:xsi="http://www.w3.org/2001/XMLSchema-instance"
    xsi:schemaLocation="http://www.loc.gov/MARC21/slim http://www.loc.gov/standards/marcxml/schema/MARC21slim.xsd"
    xmlns="http://www.loc.gov/MARC21/slim">

  <leader>01748nam a2200193Ia 4500</leader>
  <controlfield tag="008">181130s2018    xx            000 0 und d</controlfield>
  <datafield tag="100" ind1=" " ind2=" ">
    <subfield code="a">Toepler, Stefan</subfield>
  </datafield>
  <datafield tag="245" ind1=" " ind2=" ">
    <subfield code="a">Public philanthropic partnerships:</subfield>
    <subfield code="b">the changing nature of government/foundation relationships in the US</subfield>
  </datafield>
  <datafield tag="260" ind1=" " ind2=" ">
    <subfield code="c">2018</subfield>
  </datafield>
  <datafield tag="300" ind1=" " ind2=" ">
    <subfield code="a">p.657-669.</subfield>
  </datafield>
  <datafield tag="504" ind1=" " ind2=" ">
    <subfield code="d">Jun</subfield>
  </datafield>
  <datafield tag="520" ind1=" " ind2=" ">
    <subfield code="a">Relationships between foundations and the government in the United States have long been difficult with government attitudes ranging from hostile to at best indifferent in the past. American foundations have long claimed innovation as a distinctive function to perform in society in order to preserve their legitimacy. One hundred years after the rise of the large-scale American philanthropic foundation, however, the relationships between foundations and government have come into flux. Between demands from fiscally-strapped local governments and a new openness of state and federal governments to develop collaborative relationships, a variety of public-philanthropic partnerships have emerged that question the traditional roles and distribution of labor between philanthropy and the state. This article traces the historical development of the government/foundation relationship and discusses its changing nature using recession-induced ad hoc partnerships, the emergence of foundation liaison offices, and the Obama Administration&#xFFFD;s Social Innovation Fund and Investing in Innovation program as examples. - Reproduced.</subfield>
  </datafield>
  <datafield tag="650" ind1=" " ind2=" ">
    <subfield code="a">Government and politics - U.S.</subfield>
  </datafield>
  <datafield tag="650" ind1=" " ind2=" ">
    <subfield code="a">Public-philanthropic partnerships</subfield>
  </datafield>
  <datafield tag="650" ind1=" " ind2=" ">
    <subfield code="a">Social innovation</subfield>
  </datafield>
  <datafield tag="650" ind1=" " ind2=" ">
    <subfield code="a">Social sciences</subfield>
  </datafield>
  <datafield tag="773" ind1=" " ind2=" ">
    <subfield code="a">International Journal of Public Administration</subfield>
  </datafield>
  <datafield tag="906" ind1=" " ind2=" ">
    <subfield code="a">Government and politics - U.S.</subfield>
  </datafield>
  <datafield tag="999" ind1=" " ind2=" ">
    <subfield code="c">506900</subfield>
    <subfield code="d">506900</subfield>
  </datafield>
  <datafield tag="952" ind1=" " ind2=" ">
    <subfield code="0">0</subfield>
    <subfield code="1">0</subfield>
    <subfield code="4">0</subfield>
    <subfield code="7">0</subfield>
    <subfield code="a">IIPA</subfield>
    <subfield code="b">IIPA</subfield>
    <subfield code="d">2018-12-07</subfield>
    <subfield code="h">41(8), Jun, 2018: p.657-669.</subfield>
    <subfield code="p">AR118695</subfield>
    <subfield code="r">2018-12-07</subfield>
    <subfield code="w">2018-12-07</subfield>
    <subfield code="y">AR</subfield>
  </datafield>
</record>
